000 00655cam a22002413a 4500
001 19091
003 PGUSA
005 20140828083414.0
008 060821s2006||||xxu|||||s|||||000 1 eng d
040 _aPGUSA
_beng
042 _adc
050 4 _aPQ
100 1 _aVerne, Jules,
_d1828-1905
245 1 0 _aRobur de Veroveraar
_h[electronic resource] /
_cJules Verne
260 _bProject Gutenberg,
_c2006
506 _aPublic domain in the USA.
516 _aElectronic text
653 _aAeronautics -- Fiction
653 _aScience fiction
830 0 _aProject Gutenberg
_v19091
856 4 0 _uhttp://www.gutenberg.org/ebooks/19091
942 _cEB
999 _c248346
_d248346